DICTIONARY OF ANTHROPOLOGY मानव वंश शास्त्र शब्दकोश (Record no. 110633)

MARC details
000 -LEADER
fixed length control field 00688nam a2200169Ia 4500
008 - FIXED-LENGTH DATA ELEMENTS--GENERAL INFORMATION
fixed length control field 090124s9999 xx 000 0 und d
020 ## - INTERNATIONAL STANDARD BOOK NUMBER
International Standard Book Number 81-88909-10-6
082 ## - DEWEY DECIMAL CLASSIFICATION NUMBER
Item number 44420
245 ## - TITLE STATEMENT
Title DICTIONARY OF ANTHROPOLOGY मानव वंश शास्त्र शब्दकोश
250 ## - EDITION STATEMENT
Edition statement 0
260 ## - PUBLICATION, DISTRIBUTION, ETC. (IMPRINT)
Name of publisher, distributor, etc इंटेलेउायुअल बुक ब्युरो
300 ## - PHYSICAL DESCRIPTION
Extent 251
630 ## - SUBJECT ADDED ENTRY--UNIFORM TITLE
Uniform title DICTIONARY OF ANTHROPOLOGY मानव वंश शास्त्र शब्दकोश
700 ## - ADDED ENTRY--PERSONAL NAME
Personal name साळी चेतन शंकर
730 ## - ADDED ENTRY--UNIFORM TITLE
Uniform title DICTIONARY OF ANTHROPOLOGY मानव वंश शास्त्र शब्दकोश
942 ## - ADDED ENTRY ELEMENTS (KOHA)
Koha item type Book
Holdings
Withdrawn status Lost status Damaged status Not for loan Home library Current library Date acquired Cost, normal purchase price Total Checkouts Full call number Barcode Date last seen Cost, replacement price Price effective from Koha item type
        Nagar Wachan Mandir, Thane Nagar Wachan Mandir, Thane   395.00   44420 THNNWM-44420 01/24/2009 395.00 01/24/2009 Book